000 00706 a2200205 4500
008 120813t nuy ||||| |||| 00| 0 eng d
020 _z3110155095
050 _aP40.5 .L35
_bU53 1997
245 1 0 _aUndoing and redoing corpus planning /
_cEdited by Michael Clyne
250 _a1a ed.
260 _aBerlin ; New York :
_bMouton de Gruyter,
_c1997
300 _aviii, 520 p. ;
_c24 cm.
440 _aContributions to the sociology of language ;
_v78
500 _aEdición en ingles
504 _aIncluye : referencias bibliograficas e índice
650 4 _aPlanificacion lingüistica
650 4 _aLenguaje y lenguas
_xAspectos politicos
700 1 _aClyne, Michael,
_qed.
942 _2lcc
_cLIB
999 _c32609
_d32609